<?xml version="1.0" encoding="UTF-8"?>
<collection xmlns="http://www.loc.gov/MARC21/slim">
 <record>
  <leader>01208pamaa2200229   4500</leader>
  <controlfield tag="001">0000044794</controlfield>
  <controlfield tag="005">20090220090000.0</controlfield>
  <controlfield tag="008">090122                             eng  </controlfield>
  <datafield tag="020" ind1="0" ind2="0">
   <subfield code="a">0470090278 / 047009026X (pbk.) </subfield>
  </datafield>
  <datafield tag="082" ind1=" " ind2=" ">
   <subfield code="a">589.9 SIN 2004</subfield>
  </datafield>
  <datafield tag="090" ind1="0" ind2="0">
   <subfield code="a">QR75 </subfield>
   <subfield code="b">SIN 2004</subfield>
  </datafield>
  <datafield tag="100" ind1="1" ind2="0">
   <subfield code="a">Singleton </subfield>
  </datafield>
  <datafield tag="245" ind1="1" ind2="0">
   <subfield code="a">Bacteria in biology, biotechnology and medicine  </subfield>
   <subfield code="c">Paul Singleton.</subfield>
  </datafield>
  <datafield tag="250" ind1="0" ind2="0">
   <subfield code="a">6th ed.</subfield>
  </datafield>
  <datafield tag="260" ind1="0" ind2="0">
   <subfield code="a">Chichester ; New York: </subfield>
   <subfield code="b">John Wiley, </subfield>
   <subfield code="c">2004.</subfield>
  </datafield>
  <datafield tag="300" ind1=" " ind2=" ">
   <subfield code="a">vii, 559p.: </subfield>
   <subfield code="b">ill.; </subfield>
   <subfield code="c">26cm.</subfield>
  </datafield>
  <datafield tag="500" ind1="0" ind2="0">
   <subfield code="a">The bacteria :an introduction -- The bacterial cell -- Growth and reproduction -- Differentiation -- Metabolism I : energy -- Metabolism II : carbon -- Molecular biology I : genes and gene expression -- Molecular biology II : changing the message -- Bacteriophages -- Bacteria in the living world -- Bacteria in medicine -- Applied bacteriology  I : food -- Applied bacteriology II : miscellaneous aspects -- Some practical bacteriology -- Man against bacteria -- The identification and classification of bacteria</subfield>
  </datafield>
  <datafield tag="504" ind1="0" ind2="0">
   <subfield code="a">Includes bibliographical references and index</subfield>
  </datafield>
  <datafield tag="650" ind1="0" ind2="0">
   <subfield code="a">Bacteria </subfield>
  </datafield>
  <datafield tag="650" ind1="0" ind2="0">
   <subfield code="a">Medical bacteriology </subfield>
  </datafield>
  <datafield tag="650" ind1="0" ind2="0">
   <subfield code="a">Industrial microbiology </subfield>
  </datafield>
  <datafield tag="901" ind1=" " ind2=" ">
   <subfield code="u">www.wiley.com</subfield>
  </datafield>
 </record>
</collection>
